| 000 | 00403nam a22001217a 4500 | ||
|---|---|---|---|
| 082 |
_a297.7 _bSAD |
||
| 100 |
_aSaday, Abdur Rehman bin nasir bin _951035 |
||
| 245 |
_aمحاسن الإسلام _bمعاشرے پر اسلامی احکامات کے خوبصورت اثرات |
||
| 260 |
_aRiaz, _bDarasalam, _c2000. |
||
| 300 |
_a63p. _c17cm. |
||
| 526 |
_a0 _b0 _c0 _d297_700000000000000_SAD |
||
| 942 |
_2ddc _cBK |
||
| 999 |
_c553775 _d553775 |
||